000 00287nam a22001337a 4500
008 190306b xxu||||| |||| 00| 0 eng d
020 _a2740241421582
041 _aeng
080 _a941
100 _a16
101 _aHIS
245 _aWestern Civilization
_cCole, J
942 _2udc
_cBK
999 _c54643
_d54643